|
|
|
|
| LEADER |
01333nam a2200361 a 4500 |
| 001 |
EBC3011127 |
| 003 |
MiAaPQ |
| 005 |
20200520144314.0 |
| 006 |
m o d | |
| 007 |
cr cn||||||||| |
| 008 |
101008s2008 ii ab sb 000 0 eng d |
| 020 |
|
|
|z 9788189920807
|
| 035 |
|
|
|a (MiAaPQ)EBC3011127
|
| 035 |
|
|
|a (Au-PeEL)EBL3011127
|
| 035 |
|
|
|a (CaPaEBR)ebr10415168
|
| 035 |
|
|
|a (OCoLC)940439786
|
| 040 |
|
|
|a MiAaPQ
|c MiAaPQ
|d MiAaPQ
|
| 043 |
|
|
|a d------
|
| 050 |
|
4 |
|a HD82
|b .F76 2008
|
| 245 |
0 |
0 |
|a From negations to negotiations
|h [electronic resource] :
|b solving the puzzles of development /
|c edited by Prasenjit Maiti.
|
| 260 |
|
|
|a New Delhi [India] :
|b Pragun Publication,
|c 2008.
|
| 300 |
|
|
|a xvii, 693 p. :
|b ill., maps.
|
| 504 |
|
|
|a Includes bibliographical references.
|
| 533 |
|
|
|a Electronic reproduction. Ann Arbor, MI : ProQuest, 2015. Available via World Wide Web. Access may be limited to ProQuest affiliated libraries.
|
| 650 |
|
0 |
|a Economic development.
|
| 650 |
|
0 |
|a Globalization.
|
| 650 |
|
0 |
|a Economic development
|x Social aspects.
|
| 650 |
|
0 |
|a Social problems.
|
| 651 |
|
0 |
|a Developing countries.
|
| 655 |
|
4 |
|a Electronic books.
|
| 700 |
1 |
|
|a Maiti, Prasenjit.
|
| 710 |
2 |
|
|a ProQuest (Firm)
|
| 856 |
4 |
0 |
|u https://ebookcentral.proquest.com/lib/matrademy/detail.action?docID=3011127
|z Click to View
|